00775 2200289 4500001002100000005001500021035002000036007000300056008004100059040001700100100001900117245010600136250001300242300003500255020002000290041000800310082000800318084001800326090002200344260003300366850001000399600001600409990001500425990001500440990001500455990001500470INLIS00000000000352720260530122113 a0010-0621000059ta260530 0  aSBPUPADbind0 aMuhammad Idrus1 aMetode Penelitian Ilmu Sosial :bPendekatan Kualitatif dan Kuantitatif, Edisi Kedua /cMuhammad Idrus aEd.--2-- ax, 266 hlm. :billus. ;c25 cm a978-979-075-1770 aind a305 a305 MUH m 8-3 a551.46 SVE o 16-5 a--Jakarta :bErlangga,c2009 aPUPAD 4aIlmu Sosial a17099/2012 a17097/2012 a17098/2012 a17100/2012